书目信息 |
| 题名: |
敌后游击战
|
|
| 作者: | 高鹏 文 ;金爽 图 | |
| 分册: | ||
| 出版信息: | 北京 团结出版社 2005 |
|
| 页数: | 172页 | |
| 开本: | 23cm | |
| 丛书名: | 图片中国抗战丛书 | |
| 单 册: | ||
| 中图分类: | E297.3 , K265.106 | |
| 科图分类: | ||
| 主题词: | 抗日战争--游击战--中国--1937~1945--史料 , 抗日战争 , 游击战 | |
| 电子资源: | ||
| ISBN: | 7-80130-929-4 | |
| 000 | 01017oam2 2200301 450 | |
| 001 | 002907906 | |
| 005 | 20070805093802.25 | |
| 010 | @a7-80130-929-4@dCNY26.00 | |
| 100 | @a20050615d2005 em y0chiy0110 ea | |
| 101 | 0 | @achi |
| 102 | @aCN@b110000 | |
| 105 | @aa z 000yy | |
| 200 | 1 | @a敌后游击战@9di hou you ji zhan@e战争史奇观@e1937年~1945年@f高鹏文@g金爽图 |
| 210 | @a北京@c团结出版社@d2005 | |
| 215 | @a172页@d23cm | |
| 225 | 2 | @a图片中国抗战丛书 |
| 330 | @a本书以大量真实的现场照片,详细记录了1937~1945年的敌后游击战,内容包括总体背景、战况总览、伟大的战略指南、广阔的敌后根据地、恢宏的战争奇观、胜因浅析。 | |
| 461 | 0 | @12001 @a图片中国抗战丛书 |
| 517 | 1 | @a战争史奇观@9zhan zheng shi qi guan |
| 606 | 0 | @a抗日战争@x游击战@y中国@z1937~1945@j史料 |
| 606 | 0 | @a抗日战争 |
| 606 | 0 | @a游击战 |
| 690 | @aE297.3@v4 | |
| 690 | @aK265.106@v4 | |
| 701 | 0 | @a高鹏@9gao peng@f(1960.10~)@4文 |
| 702 | 0 | @a金爽@9jin shuang@c(文学)@4图 |
| 801 | 0 | @aCN@bNLC@c20070805 |
| 905 | @a10447@dK265.106@e94 | |
| 敌后游击战:战争史奇观:1937年~1945年/高鹏文/金爽图.-北京:团结出版社,2005 |
| 172页;23cm.-(图片中国抗战丛书) |
| ISBN 7-80130-929-4:CNY26.00 |
| 本书以大量真实的现场照片,详细记录了1937~1945年的敌后游击战,内容包括总体背景、战况总览、伟大的战略指南、广阔的敌后根据地、恢宏的战争奇观、胜因浅析。 |
| ● |
| 相关链接 |
|
|
|
|
正题名:敌后游击战
索取号:K265.106/94
 
预约/预借
| 序号 | 登录号 | 条形码 | 馆藏地/架位号 | 状态 | 备注 |
| 1 | 0808218 | 208082180 | 第二样本阅览室/ [索取号:K265.106/94] | 在馆 | |
| 2 | 0808219 | 208082199 | 第二借阅区/ [索取号:K265.106/94] | 在馆 | |
| 3 | 0808220 | 208082206 | 第二借阅区/ [索取号:K265.106/94] | 在馆 | |
| 4 | 0808221 | 208082215 | 密集书库/ [索取号:K265.106/94] | 在馆 | |
| 5 | 0808222 | 208082224 | 第二借阅区/ [索取号:K265.106/94] | 在馆 | |
| 6 | 0808223 | 208082233 | 密集书库/ [索取号:K265.106/94] | 在馆 | |
| 7 | 0808224 | 208082242 | 第二借阅区/ [索取号:K265.106/94] | 在馆 | |
| 8 | 0808225 | 208082251 | 密集书库/ [索取号:K265.106/94] | 在馆 | |
| 9 | 0808226 | 208082260 | 密集书库/ [索取号:K265.106/94] | 在馆 | |
| 10 | 0808227 | 208082279 | 第二借阅区/ [索取号:K265.106/94] | 在馆 |